000 01001cad a22001935a 4500
001 L154545
008 111220s20111217xxk f 000 0 eng d
035 _a(Sirsi) u154545
041 0 _aeng
110 2 _aLloyds TSB
_94126
245 0 0 _aSecond steppers
_bThe challenges facing those moving up the ladder
_h[electronic resource]
260 _aLondon
_bLloydsbankinggroup
_c2011
520 _aHighlights the role second steppers play in realising a long term sustainable housing market. Second steppers former first time buyers who are seeking to move up the housing chain are facing difficulties in finding financial support and selling their properties at realistic prices to new first time buyers.
590 _aKA
651 4 _aENGLAND AND WALES
690 _aPROPERTY-RESIDENTIAL PROPERTY-RESIDENTIAL PROPERTY MARKET
856 4 0 _uhttps://www.lloydsbankinggroup.com/media/pdfs/LTSB/2011/310111SecondSteppersReport.pdf
_zView the item free of charge at www.lloydsbankinggroup.com
942 _n0
999 _c113035
_d113035